000 00290nam a22001337a 4500
008 180903b xxu||||| |||| 00| 0 eng d
020 _a639785401124
041 _aeng
080 _a510
100 _a37
101 _aMAT
245 _aMathematics Of FInance
_cZima ,P
942 _2udc
_cBK
999 _c47455
_d47455